| 000 | 00507nam a2200169 4500 | ||
|---|---|---|---|
| 001 | 121689 | ||
| 003 | ES-MaACL | ||
| 005 | 20230906191812.0 | ||
| 007 | t| | ||
| 008 | 070214s1963 sp r ||||1| spa d | ||
| 100 | 1 |
_aPorter, Katherine Anne. _993230 |
|
| 245 | 1 | 3 |
_aLa nave del mal / _cKatherine Anne Porter ; versión española de Baldomero Porta. |
| 260 |
_aBarcelona : _bBruguera, _c1963. |
||
| 300 |
_a533 p. ; _c24 cm. |
||
| 700 | 1 |
_aPorta, Baldomero. _993173 |
|
| 852 |
_aES-MaACL _jC-23658 _bR.52109 |
||
| 999 |
_c121689 _d121689 |
||